Christmas Word Unscramble - Statistics

General Stats
  • This quiz has been taken 613 times
  • The average score is 15 of 21
Answer Stats
Letters Answer % Correct
eeirdner reindeer
98%
kmil milk
96%
tnasa slcau Santa Claus
95%
wson snow
94%
reet tree
92%
arst star
91%
lselb bells
88%
elghsi sleigh
88%
thnor leop north pole
82%
stesenpr presents
81%
nwnoasm snowman
73%
teeolmist mistletoe
72%
treinw winter
68%
lnage angel
67%
oiskcoe cookies
64%
ggvnii giving
62%
dyanceacn candycane
59%
tearhw wreath
59%
gsihlt lights
57%
dnaescl candles
51%
mnoastern ornaments
9%
No matching quizzes found
Score Distribution
Percent of People with Each Score
Percentile by Number Answered
Your Score History
You have not taken this quiz